| 000 | 00343nam a2200145Ia 4500 | ||
|---|---|---|---|
| 008 | 230917s9999||||xx |||||||||||||| ||und|| | ||
| 040 |
_e54746 _aMAIN |
||
| 041 | _aEnglish | ||
| 082 | _a853.9 M797E | ||
| 100 | _aMoravia, Alberto | ||
| 245 | 0 | _aEmpty canvas | |
| 260 |
_aLondon _bSecker and Warburg _c1961 |
||
| 300 | _a302 p. | ||
| 942 | _cBK | ||
| 999 |
_c188149 _d188149 |
||